| 000 | 00421nam a2200145Ia 4500 | ||
|---|---|---|---|
| 008 | 231129s2017||||xx |||||||||||||| ||spa|| | ||
| 020 | _a978-958-48-2502-5 | ||
| 040 | _bspa | ||
| 082 | _aCo863 M528c | ||
| 100 | _aMelo Zambrano Harvey Arturo | ||
| 245 | 0 | _aCuento crónica y poesía | |
| 260 | _c2017 | ||
| 264 | _aSan Juan de Pasto Colombia : PastoClasificados | ||
| 942 |
_2ddc _cBKS |
||
| 999 |
_c8422 _d8422 |
||